00489nam a2200157 a 450000100080000000500110000800800410001910000200006024500550008026001040013565000130023970000200025270000180027270000170029070000240030716896232012-05-02 2009 bl uuuu u00u1 u #d1 aCOSTA, N. de L. aNutrientes em Pastagens Tropicais. 1. NitrogĂȘnio. aClicNews, 2009. DisponĂ­vel em: <http://www.ClicNews.com.br.>. Acesso em: 20 fev. 2009.c2009 aPastagem1 aBENDAHAN, A. B.1 aGIANLUPPI, V.1 aBRAGA, R. M.1 aMATTOS, P. S. R. de